| 000 | 01140nam a2200301 a 4500 | ||
|---|---|---|---|
| 001 | 000021108 | ||
| 003 | DO-SdBNP | ||
| 005 | 20250409123426.0 | ||
| 008 | 100831s1988 dr a 000 0 spa d | ||
| 040 |
_aDO-SdBNP _bspa _cBNPHU |
||
| 049 | _aBNPD | ||
| 082 |
_a972.9302 _bG934i |
||
| 100 | 1 |
_aGuerrero, José G. _918729 |
|
| 245 | 1 | 4 |
_aLos inicios de la colonización en América : _b(la arqueología como historia) / _cJosé G. Guerrero, Marcio Veloz Maggiolo. |
| 260 |
_aSan Pedro de Macorís : _bUniversidad Central del Este, _c1988. |
||
| 300 |
_a117 p. : _bil. ; _c24 cm. |
||
| 490 | 1 |
_aUniversidad Central del Este _v67 |
|
| 490 | 1 |
_aV Centenario _v1 |
|
| 500 | _aIncluye notas al pie de las páginas | ||
| 504 | _aIncluye referencias bibliográficas ( p. 107-117) | ||
| 650 | 4 |
_aArqueología indigena _95209 |
|
| 651 | 0 |
_aRepública Dominicana _xHistoria _yDescubrimiento y conquista, 1492-1503 _9255 |
|
| 700 | 1 |
_aVeloz Maggiolo, Marcio, _d1936-2021 _91104 |
|
| 710 | 2 |
_aUniversidad Central del Este, _937229 |
|
| 830 | 0 |
_aUniversidad Central del Este _v67 _923153 |
|
| 830 | 0 |
_aV Centenario _v1 _944138 |
|
| 942 |
_2ddc _cLBS1 |
||
| 999 |
_c20610 _d20610 |
||